000
00254nam a2200097Ia 4500
001
641661
005
20250826153511.0
008
250824s9999 xx 000 0 und d
245
0
_a
MUTLU PRENS GENÇLİK KLASİKLERİ
_c
OSCAR WILDE
260
_b
TİMAŞ ÇOCUK
999
_c
641661
_d
641661